| 000 | 00487nam a2200205Ia 4500 | ||
|---|---|---|---|
| 001 | 13534 | ||
| 003 | GE_BSU | ||
| 008 | 181216s||||||||xx |||||||||||||| ||und|| | ||
| 020 | _a0001923641 | ||
| 040 | _cGE_BSU | ||
| 080 | _a94(410) | ||
| 100 | _aAvery Gillian | ||
| 245 | _aVictorian People. In Life and in Literature | ||
| 260 | _aLondon | ||
| 260 | _bCollins | ||
| 260 | _c1970 | ||
| 300 | _a255p.ill.24cm. | ||
| 653 | _aVictorian People. In Life and in Literature | ||
| 942 | _cBK | ||
| 999 |
_c46693 _d46693 |
||